00422nam a2200133Ia 4500001000400000008004100004082003500045100006400080245007100144260002300215590000700238901002800245999001500273481241024s9999 xx 000 0 und d aRD/370.97293/R426m/2004-2008/1 aRepública Dominicana.Secretaria de Estado de Educación. 0aMemorias de Gestión 2004-2008 Grandes Retos, Importantes Avances bAlfa y Omegac2008 asi a11/11/2010 3:01:19 p.m. c9035d9035